[Event "Championnat de France Benjamine"]
[Site "CALVI"]
[Date "????.??.??"]
[Round "5.4"]
[White "Forgues, Valerie"]
[Black "Bismuth, Sarah"]
[Result "1/2-1/2"]
[WhiteElo "1830"]
[BlackElo "1640"]
[PlyCount "79"]
[EventDate "2005.??.??"]
[SourceDate "2005.04.17"]

1. e4 e5 2. Nf3 Nc6 3. Bc4 Bc5 4. Nc3 Nf6 5. d3 d6 6. Bg5 h6 7. Bxf6 Qxf6 8.
Nd5 Qd8 9. c3 a6 10. d4 exd4 11. cxd4 Ba7 12. h3 O-O 13. O-O Ne7 14. Re1 Nxd5
15. Bxd5 c6 16. Bb3 Be6 17. Rc1 Qb6 18. Bxe6 fxe6 19. Re3 Qd8 20. Qb3 Qd7 21.
Re2 Rac8 22. Rd2 Kh8 23. Nh4 Qf7 24. Qg3 Kh7 25. Rc3 Bb8 26. Rf3 Qh5 27. Rb3 d5
28. e5 Rc7 29. Qd3+ Kg8 30. Qg3 Kh7 31. Nf3 Qf5 32. Kh2 Ba7 33. Nh4 Qh5 34. Kg1
c5 35. Rc3 Bb6 36. Rdc2 Qd1+ 37. Kh2 Qxd4 38. Qg6+ Kh8 39. Qg3 Kh7 40. Qg6+
1/2-1/2

[Event "Championnat de France Benjamine"]
[Site "CALVI"]
[Date "????.??.??"]
[Round "5.5"]
[White "Cointot, Julie"]
[Black "Bomba, Melody"]
[Result "1-0"]
[WhiteElo "1620"]
[BlackElo "1780"]
[PlyCount "43"]
[EventDate "2005.??.??"]
[SourceDate "2005.04.17"]

1. e4 c5 2. Nc3 Nc6 3. f4 g6 4. Nf3 Bg7 5. g3 e6 6. Bg2 Nge7 7. O-O O-O 8. d3
d5 9. Bd2 Rb8 10. g4 f5 11. gxf5 exf5 12. e5 b5 13. a3 a5 14. Qe1 Qb6 15. Kh1
Nd8 16. Qh4 Qc7 17. Nxd5 Nxd5 18. Ng5 h6 19. Bxd5+ Kh8 {Diagramme #} 20. Rf3 a4
21. Rh3 Bb7 22. Qxh6+ 1-0

[Event "Championnat de France Benjamine"]
[Site "CALVI"]
[Date "????.??.??"]
[Round "5.6"]
[White "Peyre, Camille"]
[Black "Klipper, Noemie"]
[Result "1-0"]
[WhiteElo "1730"]
[BlackElo "1610"]
[PlyCount "157"]
[EventDate "2005.??.??"]
[SourceDate "2005.04.17"]

1. d4 d5 2. Bg5 c6 3. c3 Nd7 4. Nf3 Ngf6 5. Nbd2 g6 6. e3 Bg7 7. Bd3 O-O 8. O-O
Qc7 9. Bf4 Qd8 10. h3 Nb6 11. e4 Nh5 12. Bh2 e6 13. Re1 Nf6 14. e5 Nfd7 15. Qe2
Na4 16. Rab1 Nab6 17. Qe3 Qe7 18. Bf4 Re8 19. Bh6 Qf8 20. Bxg7 Qxg7 21. Ng5 Nf8
22. Ngf3 Nfd7 23. Nh2 Nf8 24. Ng4 Nfd7 25. Nf3 h5 26. Ngh2 Qh7 27. Qg5 Kg7 28.
Qe3 Qh6 29. Ng5 Kg8 30. h4 Qg7 31. Qf4 Rf8 32. Qe3 Re8 33. Qg3 Nf8 34. Qf4 Nfd7
35. Qe3 Qh6 36. Qf4 Qg7 37. Qe3 Qh6 38. Qe2 Qg7 39. Qe3 Qh6 40. Qf4 Qg7 41. Re3
Rf8 42. Rbe1 Na4 43. R3e2 Nab6 $11 44. b3 Qh6 45. Qe3 Qg7 46. f3 Qh6 47. Qf2
Qg7 48. g4 Re8 49. Qg2 Nf8 50. gxh5 gxh5 51. Nh3 Ng6 52. Bxg6 fxg6 53. Ng5 Rf8
54. Qh3 Qe7 55. Qg3 Qg7 56. Rg2 Bd7 57. Kf2 Nc8 58. Nh3 Ne7 59. Nf4 Kh7 60.
Nxh5 Qh8 61. Nf6+ Rxf6 62. exf6 Qxf6 63. Qg5 Qf7 64. Ng4 Rf8 65. Ne5 Qe8 66. h5
Rf5 67. Qg4 Rf6 68. hxg6+ Nxg6 69. Nxg6 Rxg6 70. Qxg6+ Qxg6 71. Rxg6 Kxg6 72.
Rg1+ Kf7 73. Rh1 Kg7 74. Ke3 Be8 75. Kf4 Kf6 76. Rh7 Bf7 77. Rh8 Ke7 78. Ke5
Bg6 $11 79. Rb8 1-0

[Event "Championnat de France Benjamine"]
[Site "CALVI"]
[Date "????.??.??"]
[Round "5.7"]
[White "Forestier, Carole"]
[Black "Nguyen, Angeline"]
[Result "1-0"]
[WhiteElo "1647"]
[BlackElo "1710"]
[PlyCount "69"]
[EventDate "2005.??.??"]
[SourceDate "2005.04.17"]

1. d4 Nf6 2. c4 e6 3. Nf3 b6 4. g3 Bb7 5. Bg2 Bb4+ 6. Bd2 Bxd2+ 7. Nbxd2 d6 8.
O-O Nbd7 9. Qc2 O-O 10. e4 e5 11. d5 c6 12. Rac1 cxd5 13. cxd5 Rc8 14. Qb1 Nc5
15. Rfe1 Ba6 16. Bf1 Bxf1 17. Kxf1 Qd7 18. Kg2 Nh5 19. Re3 Qg4 20. Kh1 f5 21.
exf5 Rxf5 22. b4 Rcf8 23. bxc5 bxc5 24. Qe4 Qh3 25. Ng1 Nxg3+ 26. Rxg3 Qh6 27.
Qe3 Qh5 28. Ne4 Qf7 29. Rd1 Qd7 30. Nh3 Rf4 31. Rdg1 g6 32. Qd3 R4f5 33. Neg5
Rc8 34. Ne6 c4 35. Qxf5 1-0

[Event "Championnat de France Benjamine"]
[Site "CALVI"]
[Date "????.??.??"]
[Round "5.8"]
[White "Loiret, Momoko"]
[Black "Lefebvre, Stephane"]
[Result "0-1"]
[WhiteElo "1690"]
[BlackElo "1199"]
[PlyCount "58"]
[EventDate "2005.??.??"]
[SourceDate "2005.04.17"]

1. d4 d5 2. c4 e5 3. e3 exd4 4. exd4 Nf6 5. Nf3 Bg4 6. Be2 Be7 7. O-O O-O 8.
Nc3 c6 9. Bg5 dxc4 10. Ne5 Bxe2 11. Qxe2 Qxd4 12. Nxc4 Qd8 13. Rad1 Qc7 14.
Rfe1 Bb4 15. a3 Bxc3 16. bxc3 Nbd7 17. Rd3 Rfe8 18. Re3 Rxe3 19. Bxe3 Re8 20.
Rd1 Nd5 21. Qd3 Nxe3 22. Nxe3 Nc5 23. Qd4 b6 24. Nc4 h6 25. f3 Re2 26. Ne3 Ra2
27. Nf5 Ne6 28. Qa4 Qe5 29. Ng3 Qxc3 0-1

[Event "Championnat de France Benjamine"]
[Site "CALVI"]
[Date "????.??.??"]
[Round "5.9"]
[White "Buscara, Lena"]
[Black "Fajolle, Iris"]
[Result "1/2-1/2"]
[WhiteElo "1500"]
[BlackElo "1680"]
[PlyCount "117"]
[EventDate "2005.??.??"]
[SourceDate "2005.04.17"]

1. e4 e6 2. d4 d5 3. e5 c5 4. c3 Nc6 5. Nf3 Qb6 6. Be2 cxd4 7. cxd4 Nh6 8. b3
Bb4+ 9. Kf1 Nf5 10. Bb2 Be7 11. a3 h5 12. g3 O-O 13. Qd3 f6 14. h3 fxe5 15.
dxe5 Nh6 16. Rh2 Bd7 17. Bc1 Nf5 18. g4 hxg4 19. hxg4 Nfd4 20. Nxd4 Qxd4 21.
Qh7+ Kf7 22. g5 Ke8 23. Ra2 Qxe5 24. Qh5+ Kd8 25. Bg4 Nd4 26. Bb2 Bb5+ 27. Kg1
Ne2+ 28. Bxe2 Qxe2 29. Qxe2 Bxe2 30. Bxg7 Bd3 31. Bxf8 Bxb1 32. Bxe7+ Kxe7 33.
Rd2 Rg8 34. f4 Kd6 35. Rh6 Be4 36. Rf6 Ke7 37. Rd4 e5 38. Rb4 d4 39. Kf2 exf4
40. Rxf4 Bc6 41. Rbxd4 Rxg5 42. Rh4 Rd5 43. Rxd5 Bxd5 44. b4 Kd6 45. Ke3 Kc6
46. a4 Kb6 47. Rh6+ Kc7 48. Kd4 Bc6 49. b5 Bf3 50. a5 b6 51. Rh7+ Kb8 52. a6
Be2 53. Ke5 Bxb5 54. Rh8+ Kc7 55. Ra8 Bxa6 56. Rxa7+ Bb7 57. Ra1 Bc6 58. Ke6
Bd7+ 59. Ke7 1/2-1/2

[Event "Championnat de France Benjamine"]
[Site "CALVI"]
[Date "????.??.??"]
[Round "5.10"]
[White "Cechetto, Lea"]
[Black "Lemaitre, Delphine"]
[Result "1/2-1/2"]
[WhiteElo "1760"]
[BlackElo "1670"]
[PlyCount "129"]
[EventDate "2005.??.??"]
[SourceDate "2005.04.17"]

1. e4 d5 2. exd5 Qxd5 3. c4 Qd6 4. d4 Nc6 5. Nf3 Bg4 6. d5 Ne5 7. Nbd2 Nf6 8.
Qb3 Nxf3+ 9. Nxf3 b6 10. Be2 e6 11. Qa4+ Qd7 12. Qxd7+ Nxd7 13. dxe6 Bxe6 14.
Bf4 c5 15. O-O Be7 16. b3 O-O 17. Rad1 Nf6 18. Bd6 Bxd6 19. Rxd6 Rfd8 20. Rfd1
Rxd6 21. Rxd6 Ne4 22. Rd3 Rc8 23. Ne5 f6 24. Bg4 Bxg4 25. Nxg4 Rc7 26. f3 Ng5
27. Kf2 Kf7 $11 28. Ne3 Ne6 29. Rd6 Nd4 30. Nd5 Rb7 31. Ke1 Nf5 32. Rc6 Nd4 33.
Rc7+ Rxc7 34. Nxc7 Ke7 35. Kd2 Kd6 36. Ne8+ Ke5 37. Nxg7 f5 38. Nh5 f4 39. Ng7
h6 40. Kd3 Nc6 41. Kc3 Ne7 42. Kd3 Ng6 43. g3 Ne7 44. Nh5 fxg3 45. hxg3 Nc6 46.
Ke3 Nb4 47. a3 Nc2+ 48. Kd3 Nd4 49. f4+ Kf5 50. b4 Kg4 51. bxc5 bxc5 52. Nf6+
Kxg3 53. Ne4+ Kxf4 54. Nxc5 Nc6 55. Ne6+ Kg4 56. Ke4 h5 57. Nf4 h4 58. c5 a6
59. Ng2 h3 60. Ne3+ Kg3 61. Nf1+ Kf2 62. Nh2 Kg3 $11 63. Nf1+ Kf2 64. Ne3 Na5
65. Ng4+ 1/2-1/2

[Event "Championnat de France Benjamin"]
[Site "CALVI"]
[Date "????.??.??"]
[Round "6.1"]
[White "Saatdjian, Thomas"]
[Black "Delivre, Raphael"]
[Result "1/2-1/2"]
[WhiteElo "2069"]
[BlackElo "2034"]
[PlyCount "69"]
[EventDate "2005.??.??"]
[SourceDate "2005.04.17"]

1. e4 c5 2. Nf3 g6 3. d4 Bg7 4. c4 Qb6 5. dxc5 Qxc5 6. Nc3 Bxc3+ 7. bxc3 Nc6 8.
Bd3 d6 9. Rb1 Qa5 10. Qc2 Nf6 11. Rb5 Qc7 12. Be3 Ng4 13. Bf4 Nce5 14. Nd2 Be6
15. h3 Nxd3+ 16. Qxd3 Ne5 17. Qd4 f6 18. c5 O-O 19. cxd6 exd6 20. O-O b6 21. a4
Rac8 22. Rc1 Rfd8 23. Bg3 Bc4 24. Rb4 Bf7 25. Rbb1 d5 26. exd5 Rxd5 27. Qf4 Qd8
28. Ne4 Nd3 29. Qxf6 Nxc1 30. Rxc1 Rf5 31. Qd6 Qxd6 32. Nxd6 Rfc5 33. Nxc8 Rxc8
34. Rd1 Be6 35. Be5 1/2-1/2

[Event "Championnat de France Benjamin"]
[Site "CALVI"]
[Date "????.??.??"]
[Round "6.2"]
[White "Ludwig, Remi"]
[Black "Martin, Cedric"]
[Result "1-0"]
[WhiteElo "2046"]
[BlackElo "1958"]
[PlyCount "65"]
[EventDate "2005.??.??"]
[SourceDate "2005.04.17"]

1. d4 d5 2. c4 e6 3. Nc3 c6 4. Nf3 Nf6 5. Bg5 h6 6. Bh4 dxc4 7. a4 Bb4 8. Bxf6
Qxf6 9. e4 b5 10. g3 Bb7 11. Bg2 O-O 12. e5 Qe7 13. O-O a6 14. Qe2 Nd7 15. Nd2
Nb6 16. axb5 cxb5 17. Bxb7 Qxb7 18. Nde4 Nd5 19. f4 a5 20. g4 Be7 21. f5 Qc6
22. f6 gxf6 23. exf6 Bd8 24. g5 Nxc3 25. bxc3 Qd5 26. Qg4 h5 27. Qh4 Bb6 28.
Rae1 Rfc8 29. Qxh5 Bxd4+ 30. cxd4 Qxd4+ 31. Kh1 Qd8 32. Rf3 Rc5 33. Rh3 1-0

[Event "Championnat de France Benjamin"]
[Site "CALVI"]
[Date "????.??.??"]
[Round "6.3"]
[White "Le Ruyet, Leopold"]
[Black "Blancho, Gwenael"]
[Result "1-0"]
[WhiteElo "1890"]
[BlackElo "2030"]
[PlyCount "87"]
[EventDate "2005.??.??"]
[SourceDate "2005.04.17"]

1. e4 c5 2. Nf3 d6 3. d4 cxd4 4. Nxd4 Nf6 5. Nc3 a6 6. f3 Qb6 7. g4 Nc6 8. Nb3
e6 9. Qe2 Be7 10. Be3 Qc7 11. O-O-O b5 12. Qf2 Rb8 13. g5 Nd7 14. f4 b4 15. Ne2
Bb7 16. Ng3 a5 17. f5 a4 18. fxe6 fxe6 19. Nh5 Rg8 20. Nd2 Nce5 21. Nf4 Nf8 22.
h4 Rc8 23. Bb5+ Bc6 24. Bb6 Qb7 25. Bxc6+ Qxc6 26. Nb1 Nc4 27. Ba7 h6 28. gxh6
Bf6 29. Nd3 a3 30. Bd4 Bxd4 31. Qxd4 Ne3 32. c3 Nxd1 33. hxg7 axb2+ 34. Kxd1
Ng6 35. Nxb4 Qd7 36. h5 e5 37. Qg1 Nf4 38. h6 Qa4+ 39. Kd2 Qb5 40. Qg4 Rc4 41.
h7 Rd4+ 42. Kc2 Qa4+ 43. Kxb2 Rxb4+ 44. Ka1 1-0

[Event "Championnat de France Benjamin"]
[Site "CALVI"]
[Date "????.??.??"]
[Round "6.4"]
[White "Benassayag, Lucas"]
[Black "Ollier, Pablo"]
[Result "1-0"]
[WhiteElo "2001"]
[BlackElo "1937"]
[PlyCount "73"]
[EventDate "2005.??.??"]
[SourceDate "2005.04.17"]

1. e4 e6 2. d4 d5 3. Nc3 Bb4 4. e5 c5 5. a3 Bxc3+ 6. bxc3 Ne7 7. Nf3 Qc7 8. a4
b6 9. Bb5+ Bd7 10. Bd3 Nbc6 11. Qd2 h6 12. O-O O-O 13. Qf4 cxd4 14. Qg3 Kh8 15.
Qh4 Ng8 16. Ba3 Rfe8 17. cxd4 Bc8 18. Ng5 g6 19. Rfe1 Kg7 20. Nh3 a5 21. c3 Ba6
22. Bc2 b5 23. axb5 Bxb5 24. Re3 a4 25. Rg3 Na5 26. Nf4 Nb3 27. Re1 Rac8 28.
Nh5+ Kh8 29. Nf6 Kg7 30. Nh5+ Kh8 31. Nf6 Kg7 32. Qh5 Kh8 33. Bxg6 fxg6 34.
Qxg6 Nxf6 35. Qxf6+ Kh7 36. Rg6 Rh8 37. Rxh6+ 1-0

[Event "Championnat de France Benjamin"]
[Site "CALVI"]
[Date "????.??.??"]
[Round "6.5"]
[White "Milandre, Olivier"]
[Black "Massoni, Michael"]
[Result "1-0"]
[WhiteElo "1988"]
[BlackElo "2045"]
[PlyCount "41"]
[EventDate "2005.??.??"]
[SourceDate "2005.04.17"]

1. Nf3 d5 2. g3 c5 3. Bg2 Nc6 4. d4 Nf6 5. O-O Bg4 6. dxc5 e6 7. h3 Bxf3 8.
Bxf3 Bxc5 9. Bg2 O-O 10. c4 d4 11. Nd2 Qe7 12. Qa4 Rac8 13. a3 a5 14. Rb1 Qd6
15. Bxc6 bxc6 16. b4 axb4 17. axb4 Bb6 18. c5 Bxc5 19. bxc5 Qxc5 20. Ba3 Qf5
21. Bxf8 1-0

[Event "Championnat de France Benjamin"]
[Site "CALVI"]
[Date "????.??.??"]
[Round "6.6"]
[White "Nockels, Nicolas"]
[Black "Nahed, Yann"]
[Result "1/2-1/2"]
[WhiteElo "1970"]
[BlackElo "2031"]
[PlyCount "94"]
[EventDate "2005.??.??"]
[SourceDate "2005.04.17"]

1. e4 c5 2. Nf3 Nc6 3. d4 cxd4 4. Nxd4 g6 5. Nc3 Bg7 6. Be3 Nf6 7. Bc4 Qa5 8.
O-O O-O 9. Nb3 Qc7 10. Bg5 e6 11. Re1 a6 12. a3 b5 13. Be2 d6 14. Bf4 Rd8 15.
Bf3 Ne8 16. Re3 Ne5 17. Bxe5 Bxe5 18. g3 Nf6 19. Rd3 Qb6 20. Qd2 Bb7 21. Re1
Rac8 22. Qe3 Qxe3 23. Rexe3 Bxc3 24. Rxc3 Rxc3 25. Rxc3 Bxe4 26. Bxe4 Nxe4 27.
Rc6 d5 28. f3 Nd6 29. Nd2 a5 30. Kf2 Kf8 31. Ke2 Ke7 32. Kd3 Kd7 33. Ra6 a4 34.
Ra7+ Kc6 35. f4 Kb6 36. Re7 Rf8 37. Nf3 Nc4 38. Ne5 Nxe5+ 39. fxe5 h6 40. h4
Ka6 41. Kd2 Ka5 42. Ra7+ Kb6 43. Re7 Kc5 44. Kd3 f6 45. Rxe6 fxe5 46. Rxe5 Rf3+
47. Re3 Rf6 1/2-1/2

[Event "Championnat de France Benjamin"]
[Site "CALVI"]
[Date "????.??.??"]
[Round "6.7"]
[White "Rosier, Kevin"]
[Black "Demuth, Adrien"]
[Result "0-1"]
[WhiteElo "1750"]
[BlackElo "2018"]
[PlyCount "52"]
[EventDate "2005.??.??"]
[SourceDate "2005.04.17"]

1. e4 e5 2. d4 exd4 3. c3 d5 4. exd5 Qxd5 5. Qxd4 Qxd4 6. cxd4 Nc6 7. Bb5 Bd7
8. Be3 O-O-O 9. a3 Nxd4 10. Bxd7+ Rxd7 11. Bxd4 Rxd4 12. Nc3 Rd8 13. Rc1 Nf6
14. Nb5 Kb8 15. Ne2 Bd6 16. O-O Rhe8 17. Ned4 g6 18. f4 Nd5 19. f5 Bf4 20. Rc5
Be3+ 21. Kh1 Bxd4 22. Nxd4 Ne3 23. fxg6 Nxf1 24. gxf7 Rf8 25. Ne6 Rd1 26. Kg1
Rxf7 0-1

[Event "Championnat de France Benjamin"]
[Site "CALVI"]
[Date "????.??.??"]
[Round "6.8"]
[White "Nouri, Adrien"]
[Black "Baudson, Charles"]
[Result "1-0"]
[WhiteElo "1730"]
[BlackElo "2007"]
[PlyCount "65"]
[EventDate "2005.??.??"]
[SourceDate "2005.04.17"]

1. e4 e6 2. d4 d5 3. exd5 exd5 4. c4 Nf6 5. Nc3 Be7 6. Nf3 Bg4 7. cxd5 Nxd5 8.
Bc4 c6 9. h3 Bh5 10. Nxd5 cxd5 11. Qa4+ Nc6 12. Be2 Bb4+ 13. Kf1 O-O 14. Be3
Re8 15. Rc1 Qe7 16. Qc2 h6 17. g3 Bd6 18. Rg1 Rac8 19. Qd2 Bb4 20. Qd1 f5 21.
g4 Bg6 22. Bxh6 fxg4 23. Rxg4 gxh6 24. Rxg6+ Kf7 25. Rxh6 Rh8 26. Rcxc6 bxc6
27. Ne5+ Kg7 28. Rg6+ Kf8 29. Bg4 Qb7 30. Bxc8 Qxc8 31. Qf3+ Ke8 32. Qf7+ Kd8
33. Nxc6+ 1-0

[Event "Championnat de France Benjamin"]
[Site "CALVI"]
[Date "????.??.??"]
[Round "6.9"]
[White "Charmeteau, Sven"]
[Black "Conway, Anthony"]
[Result "0-1"]
[WhiteElo "2006"]
[BlackElo "1699"]
[PlyCount "54"]
[EventDate "2005.??.??"]
[SourceDate "2005.04.17"]

1. d4 d5 2. c4 e6 3. Nc3 Nf6 4. cxd5 exd5 5. Bg5 Be7 6. e3 O-O 7. Qc2 h6 8. Bf4
c5 9. dxc5 Nc6 10. O-O-O Qa5 11. Bd6 Bxd6 12. cxd6 Be6 13. Qa4 Qxa4 14. Nxa4
Ne4 15. f3 Nf2 16. g4 Nxd1 17. Kxd1 d4 18. Nc5 Bxa2 19. e4 b6 20. Bb5 bxc5 21.
Bxc6 Rac8 22. Ba4 Rfd8 23. Ne2 Rxd6 24. Kd2 Rb8 25. Kc1 Rdb6 26. b3 Bxb3 27.
Bd7 Bc4 0-1

[Event "Championnat de France Benjamin"]
[Site "CALVI"]
[Date "????.??.??"]
[Round "6.10"]
[White "Lepot, Simon"]
[Black "Magnin, Guillaume"]
[Result "0-1"]
[WhiteElo "1580"]
[BlackElo "1990"]
[PlyCount "90"]
[EventDate "2005.??.??"]
[SourceDate "2005.04.17"]

1. e4 Nf6 2. Nc3 d6 3. d4 g6 4. Bc4 Bg7 5. f3 c6 6. Be3 b5 7. Bb3 Nbd7 8. Qd2
Nb6 9. Bh6 Bxh6 10. Qxh6 Rg8 11. e5 Nfd5 12. Qxh7 Rf8 $11 13. Nxd5 cxd5 14. Ne2
Nc4 15. Bxc4 bxc4 16. O-O-O Rb8 17. b3 a5 18. Nc3 cxb3 19. axb3 dxe5 20. dxe5
e6 21. f4 Qb6 22. Qh3 Ba6 23. Na4 Qb4 24. Qe3 Qa3+ 25. Kb1 Qxa4 26. Qa7 Qb5 27.
Rd3 a4 28. Rhd1 Qb6 29. Qxb6 Rxb6 30. Rc3 Kd7 31. Rd4 axb3 32. cxb3 Rc8 33.
Rxc8 Kxc8 34. Kc2 Kc7 35. g4 Kc6 36. Ra4 Be2 37. Ra7 Rb7 38. Rxb7 Kxb7 39. h3
Kc6 40. Kd2 Bf1 41. h4 Bh3 42. g5 Kc5 43. Kc3 d4+ 44. Kd3 Bf5+ 45. Kd2 Kb4 0-1

[Event "Championnat de France Benjamine"]
[Site "CALVI"]
[Date "????.??.??"]
[Round "6.1"]
[White "Armas, Lara-Maria"]
[Black "Genzling, Sylvie"]
[Result "1/2-1/2"]
[WhiteElo "1730"]
[BlackElo "1982"]
[PlyCount "89"]
[EventDate "2005.??.??"]
[SourceDate "2005.04.17"]

1. d4 d5 2. c4 e6 3. Nc3 Nf6 4. Bg5 c6 5. Nf3 Nbd7 6. e4 dxe4 7. Nxe4 h6 8.
Nxf6+ Nxf6 9. Bd2 Ne4 10. Bd3 Nxd2 11. Qxd2 Be7 12. O-O O-O 13. Bc2 Bf6 14.
Rfe1 b6 15. Be4 Bb7 16. b4 Qc7 17. Rab1 Rac8 18. Rec1 Rfd8 19. Qe3 Qb8 20. a4
Rc7 21. Rc2 Rcd7 22. Rd2 e5 23. dxe5 Rxd2 24. Nxd2 Bxe5 25. Nf3 Bf4 26. Qe2 Re8
27. Qc2 Re7 28. Rd1 Qe8 29. Bd3 Bc8 30. h3 Bd7 31. Kf1 $11 c5 32. b5 Qa8 33.
Qc3 Kf8 34. Be2 Qc8 35. Re1 Re6 36. Qd3 Rg6 37. Nh4 Rf6 38. Qh7 Bd2 39. Rd1 Bg5
40. Nf3 Be6 41. Qh8+ Ke7 42. Qxg7 Bf4 43. Ng1 Qa8 44. Nf3 Qc8 45. Ng1 1/2-1/2

[Event "Championnat de France Benjamine"]
[Site "CALVI"]
[Date "????.??.??"]
[Round "6.2"]
[White "Richard, Emma"]
[Black "Fernandez, Laura"]
[Result "1-0"]
[WhiteElo "1730"]
[BlackElo "1990"]
[PlyCount "95"]
[EventDate "2005.??.??"]
[SourceDate "2005.04.17"]

1. Nf3 d6 2. d4 f5 3. e3 g6 4. Bd3 Nf6 5. Nc3 Bg7 6. e4 fxe4 7. Nxe4 Nxe4 8.
Bxe4 Nd7 9. c3 Nf6 10. Bd3 O-O 11. O-O d5 12. Qc2 Nd7 13. Ng5 Rf6 14. Re1 Nf8
15. Qe2 e6 16. Nf3 Rf7 17. Ne5 Bxe5 18. Qxe5 Qf6 19. Qxf6 Rxf6 20. Bg5 Rf7 21.
Re3 Bd7 22. Rae1 Re8 23. h4 Kg7 24. Rg3 Bc8 25. Ree3 h6 26. h5 hxg5 27. hxg6
Rf6 28. Rxg5 Re7 29. Rh3 Re8 30. Rgh5 Nxg6 31. Rh7+ Kf8 32. R3h6 Re7 33. Rxg6
Rxg6 34. Bxg6 Rxh7 35. Bxh7 Kg7 36. Bd3 Kf6 37. f4 Bd7 38. Kf2 Be8 39. g4 Bf7
40. Kf3 Kg7 41. f5 exf5 42. Bxf5 Kf6 43. Kf4 b6 44. g5+ Ke7 45. Ke5 Bg8 46. Bc8
c6 47. g6 a5 48. a4 1-0

[Event "Championnat de France Benjamine"]
[Site "CALVI"]
[Date "????.??.??"]
[Round "6.3"]
[White "Cointot, Julie"]
[Black "Peyre, Camille"]
[Result "0-1"]
[WhiteElo "1620"]
[BlackElo "1730"]
[PlyCount "88"]
[EventDate "2005.??.??"]
[SourceDate "2005.04.17"]

1. e4 c6 2. d4 d5 3. exd5 cxd5 4. Bd3 Nf6 5. h3 Nc6 6. c3 e6 7. f4 Bd6 8. Nf3
Nh5 9. Ne5 Qh4+ 10. Kf1 Ng3+ 11. Kg1 Nxh1 12. Kxh1 Bxe5 13. fxe5 Bd7 14. Nd2
O-O 15. Nf3 Qd8 16. Bg5 Qb6 17. Qc2 h6 18. Be3 Rac8 19. Qd2 f5 20. Rf1 Qd8 21.
Qf2 Qe7 22. Nh4 Qf7 23. Qg3 g5 24. b3 Qg7 25. Nf3 f4 26. Bxf4 gxf4 27. Qh4 Ne7
28. c4 dxc4 29. Bxc4 Nf5 30. Qf2 Qg3 31. Qe2 Ne3 32. Rg1 Kh8 33. Bd3 Bc6 34. a3
Rg8 35. b4 Bxf3 36. Qxf3 Qxf3 37. gxf3 Rxg1+ 38. Kxg1 Rc1+ 39. Kf2 Ra1 40. Bg6
Kg7 41. Be4 b6 42. b5 Rxa3 43. Ke1 Ra1+ 44. Kd2 Rh1 0-1

[Event "Championnat de France Benjamine"]
[Site "CALVI"]
[Date "????.??.??"]
[Round "6.4"]
[White "Lefebvre, Stephane"]
[Black "Forestier, Carole"]
[Result "0-1"]
[WhiteElo "1199"]
[BlackElo "1647"]
[PlyCount "110"]
[EventDate "2005.??.??"]
[SourceDate "2005.04.17"]

1. e4 e6 2. d4 d5 3. exd5 exd5 4. c4 Nf6 5. Nc3 Be7 6. Bg5 c6 7. cxd5 Nxd5 8.
Bxe7 Qxe7+ 9. Be2 Nf4 10. Kf1 Be6 11. Nf3 Qd7 12. Qd2 Nxg2 13. Rg1 Bh3 14. Rxg2
Bxg2+ 15. Kxg2 O-O 16. Rg1 Qf5 17. Kf1 Nd7 18. Rg5 Qh3+ 19. Kg1 Rfe8 20. Rg3
Qe6 21. Bd3 Nf8 22. Ne4 Ng6 23. b3 b5 24. Neg5 Qf6 25. Ne4 Qf4 26. Qxf4 Nxf4
27. Nf6+ Kf8 28. Nxe8 Rxe8 29. Bf1 Rd8 30. Rg4 Ne6 31. a4 bxa4 32. bxa4 f5 33.
Rh4 f4 34. Rxh7 Nxd4 35. Rh8+ Ke7 36. Rh3 Ne6 37. Ne5 Rc8 38. Rc3 Kd6 39. Nc4+
Kd5 40. Bg2+ Kd4 41. Rc1 c5 42. Kf1 Rh8 43. Nd6 Rxh2 44. Nf5+ Kd3 45. Rd1+ Kc3
46. Rd7 g5 47. Rxa7 g4 48. Kg1 Rh5 49. Be4 Ng5 50. Nd6 f3 51. Rg7 Kd2 52. a5
Ke2 53. a6 Nh3+ 54. Kh2 Kxf2 55. Rh7 g3+ 0-1

[Event "Championnat de France Benjamine"]
[Site "CALVI"]
[Date "????.??.??"]
[Round "6.5"]
[White "Fajolle, Iris"]
[Black "Forgues, Valerie"]
[Result "1/2-1/2"]
[WhiteElo "1680"]
[BlackElo "1830"]
[PlyCount "77"]
[EventDate "2005.??.??"]
[SourceDate "2005.04.17"]

1. d4 d5 2. Nf3 Nf6 3. c4 e6 4. Nc3 Nbd7 5. Bg5 c6 6. e3 Qa5 7. Nd2 Bb4 8. Qc2
O-O 9. Be2 Re8 10. O-O Qc7 11. a3 Be7 12. b4 dxc4 13. Bxc4 b6 14. Nf3 Bb7 15.
Bd3 h6 16. Bf4 Bd6 17. Bxd6 Qxd6 18. Rac1 Rac8 19. Ne4 Qd5 20. Nfd2 c5 21. Bc4
Qh5 22. Nd6 Ba8 23. Nxe8 Rxe8 24. f3 Qg5 25. Qd3 cxb4 26. axb4 Nf8 27. Qe2 Rd8
28. Qf2 b5 29. Be2 e5 30. Rc5 Nd5 31. e4 Ne6 32. Rxb5 Nc3 33. Bd3 Nxb5 34. Bxb5
Nxd4 35. Bc4 Nc6 36. Nb3 Nd4 37. Rd1 Nxb3 38. Rxd8+ Qxd8 39. Bxb3 1/2-1/2

[Event "Championnat de France Benjamine"]
[Site "CALVI"]
[Date "????.??.??"]
[Round "6.6"]
[White "Bismuth, Sarah"]
[Black "Muller, Marion"]
[Result "1/2-1/2"]
[WhiteElo "1640"]
[BlackElo "1710"]
[PlyCount "79"]
[EventDate "2005.??.??"]
[SourceDate "2005.04.17"]

1. e4 c6 2. d4 d5 3. Nc3 dxe4 4. Nxe4 Bf5 5. Ng3 Bg6 6. Bc4 e6 7. N1e2 Nf6 8.
Nf4 Bd6 9. h4 Bxf4 10. Bxf4 h6 11. h5 Bh7 12. Qe2 Nbd7 13. O-O-O Nd5 14. Bd2
Qc7 15. Qg4 Rg8 16. Rde1 N7f6 17. Qf3 O-O-O 18. Bb3 Rd7 19. Bxd5 cxd5 20. Qb3
Kb8 21. Kb1 Rc8 22. Rc1 Ka8 23. Rhe1 Ne8 24. Bb4 Nd6 25. Re3 Nc4 26. Rf3 e5 27.
Ne2 exd4 28. Nxd4 Re8 29. Nb5 Qb6 30. Qa4 a6 31. Na3 Nxa3+ 32. Bxa3 Red8 33.
Bb4 d4 34. Ba5 Qe6 35. Bxd8 Rxd8 36. Qa5 Rc8 37. Rb3 Qc6 38. Qd2 Qxg2 39. Qxd4
Bxc2+ 40. Ka1 1/2-1/2

[Event "Championnat de France Benjamine"]
[Site "CALVI"]
[Date "????.??.??"]
[Round "6.7"]
[White "Bomba, Melody"]
[Black "Buscara, Lena"]
[Result "1-0"]
[WhiteElo "1780"]
[BlackElo "1500"]
[PlyCount "45"]
[EventDate "2005.??.??"]
[SourceDate "2005.04.17"]

1. d4 d5 2. Nf3 e6 3. c3 Nf6 4. Bg5 Nbd7 5. e3 c6 6. Nbd2 Be7 7. Bd3 b6 8. Qc2
Bb7 9. O-O h6 10. Bh4 c5 11. Ne5 Nxe5 12. dxe5 Ng4 13. Bxe7 Qxe7 14. Nf3 Qc7
15. Qa4+ Bc6 16. Qxg4 g5 17. e4 O-O-O 18. exd5 Bxd5 19. Rfd1 Bxf3 20. Qxf3 Rdf8
21. Rd2 Qxe5 22. Ba6+ Kc7 23. Qb7# 1-0

[Event "Championnat de France Benjamine"]
[Site "CALVI"]
[Date "????.??.??"]
[Round "6.8"]
[White "Klipper, Noemie"]
[Black "Rambourg, Juliette"]
[Result "0-1"]
[WhiteElo "1610"]
[BlackElo "1870"]
[PlyCount "48"]
[EventDate "2005.??.??"]
[SourceDate "2005.04.17"]

1. e4 c5 2. c3 Nf6 3. f3 Nc6 4. Ne2 e6 5. d4 d5 6. e5 Nd7 7. Nd2 cxd4 8. cxd4
Nxd4 9. g3 Nc6 10. f4 Bc5 11. Nb3 Bb6 12. Bg2 O-O 13. Bd2 Nc5 14. Nxc5 Bxc5 15.
Bc3 Qb6 16. Rf1 Rd8 17. b3 d4 18. Bd2 Nb4 19. Rf3 d3 20. Nc3 Nc2+ 21. Kf1 Nxa1
22. Na4 Qc7 23. Qxa1 Bd7 24. Nc3 Bc6 0-1

[Event "Championnat de France Benjamine"]
[Site "CALVI"]
[Date "????.??.??"]
[Round "6.9"]
[White "Garma, Jovanka"]
[Black "Cechetto, Lea"]
[Result "1/2-1/2"]
[WhiteElo "1510"]
[BlackElo "1760"]
[PlyCount "75"]
[EventDate "2005.??.??"]
[SourceDate "2005.04.17"]

1. e4 e5 2. Nf3 Nc6 3. Bb5 a6 4. Ba4 Nf6 5. O-O b5 6. Bb3 Be7 7. d3 O-O 8. Nbd2
d6 9. Re1 Bg4 10. c3 Qd7 11. Nf1 d5 12. exd5 Nxd5 13. h3 Bxf3 14. Qxf3 Nb6 15.
Ng3 Rad8 16. Bc2 Nd5 17. Nf5 Bf6 18. Qg4 Kh8 19. Bd2 Nde7 20. Ne3 Ng6 21. Qxd7
Rxd7 22. Nf5 Nce7 23. Nxe7 Bxe7 24. a3 f5 25. Rad1 c5 26. Rf1 Nh4 27. f4 Ng6
28. fxe5 Nxe5 29. Be3 Nc6 30. d4 cxd4 31. cxd4 g6 32. d5 Ne5 33. b4 Nc4 34. Rd3
Bf6 35. Bc1 Rfd8 36. Rfd1 Bb2 37. Bb3 Bxc1 38. Rxc1 1/2-1/2

[Event "Championnat de France Benjamine"]
[Site "CALVI"]
[Date "????.??.??"]
[Round "6.10"]
[White "Nguyen, Angeline"]
[Black "Auguet, Astrid"]
[Result "1-0"]
[WhiteElo "1710"]
[BlackElo "1430"]
[PlyCount "49"]
[EventDate "2005.??.??"]
[SourceDate "2005.04.17"]

1. e4 d5 2. exd5 Qxd5 3. Nf3 Nf6 4. d4 Bg4 5. Be2 Nc6 6. Be3 O-O-O 7. O-O Kb8
8. c4 Qf5 9. Nc3 e5 10. d5 e4 11. Nd4 Bxe2 {Diagramme #} 12. Nxc6+ bxc6 13.
Qb3+ Kc8 14. dxc6 Rd3 15. Qb7+ Kd8 16. Nxe2 a5 17. Nd4 Qc5 18. Rad1 Ng4 19. g3
Qh5 20. Qb8+ Ke7 21. Qxc7+ Kf6 22. Qf4+ Kg6 23. Qxe4+ f5 24. Qe8+ Kf6 25. Qe6#
1-0